000 00293nam a22001337a 4500
008 170724b xxu||||| |||| 00| 0 eng d
020 _a3446143165
041 _ager
080 _a004
100 _a29
101 _aSHK
245 _aDIE PROGRAMMIER- SPRACHE C
_cSCHIRMER,C
942 _2udc
_cBK
999 _c21781
_d21781